000 00605nam a22001815i 4500
001 152201
003 ES-MaACL
005 20230910063055.0
008 970917s1882 sp |||| | spa d
040 _aCAM
_bspa
_cCAM
100 1 _aBlanco Asenjo, Ricardo,
_d1847-1897
_9126008
245 1 0 _aPenúmbra
_b: poesías y poemas /
_cR. Blanco Asenjo.
250 _a2ª ed.
260 _aMadrid :
_b[s.n.],
_c1882 (
_fFernando Cao y Domingo de Val)
300 _aXIX, 272 p. ;
_c22 cm.
852 _aES-MaACL
_jZ-202
_xOlim: G-7092
_d
_z-- Enc. pasta española
999 _c152201
_d152201